Statistiques concernant Les albums de Tintin

Cliquez ici pour prendre le quiz!

Statistiques générales

  • Ce quiz a été pris 335 fois
  • Le résultat moyen est 17 sur 24

Statistiques - réponses

AnnéeTitre% Correct
1931Tintin au Congo
93%
1954On a marché sur la Lune
88%
1932Tintin en Amérique
87%
1953Objectif Lune
85%
1963Les Bijoux de la Castafiore
82%
1960Tintin au Tibet
80%
1936Le Lotus bleu
79%
1958Coke en stock
76%
1944Le Trésor de Rackham le Rouge
76%
1976Tintin et les Picaros
76%
1934Les Cigares du pharaon
73%
1943Le Secret de la Licorne
73%
1938L'Ile Noire
72%
1939Le Sceptre d'Ottokar
71%
1941Le Crabe aux pinces d'or
70%
1956L'Affaire Tournesol
70%
1948Les Sept Boules de cristal
69%
1937L'Oreille cassée
68%
1968Vol 714 pour Sydney
63%
1930Tintin au pays des Soviets
62%
1942L'Etoile mystérieuse
62%
1950Tintin au pays de l'or noir
60%
1949Le Temple du Soleil
60%
1986Tintin et l'Alph-Art
45%

Distribution des résultats

Percentile par nombre de réponses

% des personnes avec chaque résultat

Votre développement - résultats

Vous n’avez pas pris ce quiz